Normal view MARC view
  • Soustelle , Jacques

Entry Personal Name

Number of records used in: 1

001 - CONTROL NUMBER

  • control field: 134065

003 - CONTROL NUMBER IDENTIFIER

  • control field: NUST

005 - DATE AND TIME OF LATEST TRANSACTION

  • control field: 20260413124643.0

008 - FIXED-LENGTH DATA ELEMENTS

  • fixed length control field: 260413|| aca||aabn | a|a d

040 ## - CATALOGING SOURCE

  • Original cataloging agency: NUST
  • Transcribing agency: NUST

100 ## - HEADING--PERSONAL NAME

  • Personal name: Soustelle , Jacques

670 ## - SOURCE DATA FOUND

  • Source citation: Work cat.: (NUST): Soustelle , Jacques., Daily Life of the Aztecs on the Eve of the Spanish Conquest /, 1961.
© 2023 Central Library, National University of Sciences and Technology. All Rights Reserved.